000 00762nam a2200229 a 4500
003 MX-MxUPN
005 20250109081025.0
008 991125s1931 fr r 000 0 fre d
035 _aUPN01000006825
040 _aMX-MxUPN
_bspa
_cMX-MxUPN
041 0 _afre
050 1 4 _aHV11
_bC37 1931
245 0 0 _aCarriéres sociales :
_bmonographies et notes vécues
260 _aParís :
_bÉditions Spes,
_c1931.
300 _aviii, 197 páginas
650 4 _aServicio social
_xEducación
_914574
700 1 _aDevinat, Paul
_951712
_eprefacio
700 1 _aLuna de Ibarra, Luz
_951389
_epropietaria anterior
710 2 _aInstituto Nacional de Investigación Educativa (México)
_epropietario anterior
_928086
902 _bMaríaRobles/120824
942 _2lcc
_cLIBRO
_n0
999 _c6825
_d6825